000 00620nam a2200193Ia 4500
003 GCL
008 140319s9999 xx 000 0 ara d
040 _aGCL /
_cGCL
082 0 4 _a214.3
_bم ف
100 1 _aمحمد البهى
245 1 0 _aالفكر الاسلامى والمجتمع المعاصر: مشكلات الحكم والتوجية /
_cمحمد البهى
260 _a[S.N] :
_bدار الكتاب اللبنانى ،
_c1983
300 _a638 ص
490 _a
650 0 4 _aالفكر الاسلامى
650 0 4 _aالامامة
650 0 4 _aالحكم فى الاسلام
942 _2ddc
_cBK
999 _c29836
_d29836